书目信息 |
| 题名: |
现代舞蹈的身体语言
|
|
| 作者: | 刘青弋 著 | |
| 分册: | ||
| 出版信息: | 上海 上海音乐出版社 2004 |
|
| 页数: | 332页 | |
| 开本: | 23cm | |
| 丛书名: | 舞蹈学科应用与基础理论教材系列 | |
| 单 册: | ||
| 中图分类: | J722.6 | |
| 科图分类: | ||
| 主题词: | 舞蹈动作--身势语--高等学校--教材 , 现代舞蹈--中国 | |
| 电子资源: | ||
| ISBN: | 7-80667-434-9 | |
| 000 | 01130nam0 2200325 450 | |
| 001 | 05002720338 | |
| 005 | 20060104162830.62 | |
| 010 | @a7-80667-434-9@dCNY42.00 | |
| 092 | @aCN | |
| 100 | @a20050714d2004 ekmy0chiy0120 ea | |
| 101 | 0 | @achi@eeng@deng |
| 102 | @aCN@b310000 | |
| 105 | @aa z 000yy | |
| 200 | 1 | @a现代舞蹈的身体语言@9xian dai wu dao de shen ti yu yan@f刘青弋著@Fliu qing yi zhu |
| 210 | @a上海@c上海音乐出版社@d2004 | |
| 215 | @a332页@c照片@d23cm | |
| 225 | 2 | @a舞蹈学科应用与基础理论教材系列@i现代舞学科系列 |
| 300 | @a北京市高等教育精品教材立项项目 | |
| 300 | @a北京舞蹈学院“十五”规划教材 | |
| 300 | @a普通高等教育“十五”国家级规划教材 | |
| 330 | @a本书构建了西方现代舞身体动作语言的理论框架,分析其运动语言要素和语义特征,并对各类舞蹈的身体动作语言形态的特征进行讨论等。 | |
| 461 | 0 | @12001 @a舞蹈学科应用与基础理论教材系列 |
| 462 | 0 | @12001 @a现代舞学科系列 |
| 606 | 0 | @a舞蹈动作@x身势语@x高等学校@j教材 |
| 606 | 0 | @a现代舞蹈@y中国 |
| 690 | @aJ722.6@v4 | |
| 701 | 0 | @a刘青弋@Aliu qing yi@4著 |
| 801 | 0 | @aCN@bNLC@c20060104 |
| 905 | @a10447@dJ722.6@e58 | |
| 999 | @aHSJ | |
| 现代舞蹈的身体语言/刘青弋著.-上海:上海音乐出版社,2004 |
| 332页:照片;23cm.-(舞蹈学科应用与基础理论教材系列.现代舞学科系列) |
| 北京市高等教育精品教材立项项目.-北京舞蹈学院“十五”规划教材.-普通高等教育“十五”国家级规划教材 |
| ISBN 7-80667-434-9:CNY42.00 |
| 本书构建了西方现代舞身体动作语言的理论框架,分析其运动语言要素和语义特征,并对各类舞蹈的身体动作语言形态的特征进行讨论等。 |
| ● |
| 相关链接 |
|
|
|
|
正题名:现代舞蹈的身体语言
索取号:J722.6/58
 
预约/预借
| 序号 | 登录号 | 条形码 | 馆藏地/架位号 | 状态 | 备注 |
| 1 | 0373629 | 203736298 | 第一样本阅览室/ [索取号:J722.6/58] | 在馆 |